000 01006njm a22003017a 4500
005 20100920121045.0
007 sd ammalaaahaa
008 100913t xxu||||| |||| 00| 0 hin d
028 _a3AEX. 5313
_bOdeon
035 _aGR-03403
040 _aSED/VEN
100 _919606
_aMangeshkar, Lata
245 _aJunglee 1 & 2 /
_h[sound recording] :
_cby Lata Mangeshkar ; music Shankar ; lyric Shailendra
246 _aजंगली (मोहद. रफ़ी)
260 _aDum Dum, India
_bOdeon
_c1965
300 _a1 sound disc [Gramophone record] :
_banalog, 33 1/3 rpm
_c12 in. (LP)
_fGramophone record
500 _aBrief record.
500 _aOdeon
500 _aBlack
505 _aEshan tera hoga mujh par
650 _aClassical Music
_xExcerpts
_zIndia
_919607
_vFilmi Song
700 _91184
_aShankar
700 _920675
_aShailendra
700 _919643
700 _919690
942 _2ddc
_cGR
999 _c46960
_d46960